| 000 | 00443nam a2200193Ia 4500 | ||
|---|---|---|---|
| 005 | 20240823021131.0 | ||
| 008 | 240823s9999||||xx |||||||||||||| ||und|| | ||
| 020 | _a81-7648486-5 | ||
| 041 | _aENGLISH | ||
| 082 | _A371.4 | ||
| 100 | _aNayak A K | ||
| 245 | 0 | _aGuidance and Counselling | |
| 250 | _a1st | ||
| 260 |
_b"APH,New " _aNew Delhi |
||
| 500 | _aYES | ||
| 650 |
_aGuidance _bManagement Studies |
||
| 942 | _cBK | ||
| 999 |
_c176364 _d176364 |
||